00634nam a2200169 a 4500008004100000050001600041100003000057245002900087246003300116250001200149260003200161300002100193350000900214995009200223999001700315952013200332120416s1951 ||||||||||||||||| || u aHF 5549 Pig aPigors, Paul John William10aPersonnel administration aa point of view and a method a2nd ed. aNew YorkbMcGraw-Hillc1951 axi, 614p. : ill. a0.00 D0.00FCBU-MAIN LIBRARY (Kitwe)H1I0.00UAVAILABLEZMain Library Open Access Collection c53399d53399 00102lcc4070a001b001cMain Library Open Access Collectiond2022-11-30l0oHF 5549 Pigp006562r2022-11-30w2022-11-30y002